What's My Name? Quiz Stats

 Plays Quiz Updated Mar 12, 2019

Score 0/20 Timer 02:00
1 Play Today
% Correct
Christian
94.7%
Benedict
94.4%
Patrick
93.6%
Gerald
93.5%
Hector
93.1%
Joseph
92.9%
Reginald
92.3%
Francis
92.2%
Charles
91.6%
Louis
91.5%
% Correct
Henry
90.7%
Godfrey
90.2%
Peter
90%
Roger
89.9%
Paul
87%
William
86.7%
Stephen
82.3%
Nicholas
76%
John
72.7%
Basil
70%

You're not logged in!

Compare scores with friends on all Sporcle quizzes.
OR
Log In

Sporcle TV

Today on Sporcle TV


Watch our educational content, quiz creation guides, and fun videos on Sporcle TV.

Show Comments

Extras

Top Quizzes Today


Score Distribution

Your Account Isn't Verified!

In order to create a playlist on Sporcle, you need to verify the email address you used during registration. Go to your Sporcle Settings to finish the process.

Report this User

Report this user for behavior that violates our Community Guidelines.

Details: